Our world : (Record no. 103586)
[ view plain ]
| 000 -LEADER | |
|---|---|
| fixed length control field | 00527nam a2200169 a 4500 |
| 005 - DATE AND TIME OF LATEST TRANSACTION | |
| control field | 20140412111304.0 |
| 008 - FIXED-LENGTH DATA ELEMENTS--GENERAL INFORMATION | |
| fixed length control field | 030414s19uu xx 00 eng d |
| 020 ## - INTERNATIONAL STANDARD BOOK NUMBER | |
| International Standard Book Number | 0-7324-0501-7 |
| 050 ## - LIBRARY OF CONGRESS CALL NUMBER | |
| Classification number | M 559 |
| Item number | L96 1986 |
| 100 ## - MAIN ENTRY--PERSONAL NAME | |
| Personal name | Lucas, Ernest & Hazel |
| 245 ## - TITLE STATEMENT | |
| Title | Our world : |
| Remainder of title | how? what? when? why? / |
| Statement of responsibility, etc | Ernest and Hazel Lucas. |
| 260 ## - PUBLICATION, DISTRIBUTION, ETC. (IMPRINT) | |
| Place of publication, distribution, etc | Illinois : |
| Name of publisher, distributor, etc | Lion Publishing, |
| Date of publication, distribution, etc | 1986. |
| 300 ## - PHYSICAL DESCRIPTION | |
| Extent | 20 p. ; ill. |
| 520 ## - SUMMARY, ETC. | |
| Summary, etc | Life on planet earth: past, present and future. |
| 650 ## - SUBJECT ADDED ENTRY--TOPICAL TERM | |
| Topical term or geographic name as entry element | Earth--Juvenile literature |
| Withdrawn status | Lost status | Damaged status | Use restrictions | Home library | Current library | Shelving location | Date acquired | Source of acquisition | Total Checkouts | Full call number | Barcode | Date last seen | Price effective from | Koha item type |
|---|---|---|---|---|---|---|---|---|---|---|---|---|---|---|
| Elizalde Library | Elizalde Library | Main Section | 04/14/2003 | M 559 L96 1986 | E5412 | 04/12/2014 | 04/12/2014 | Books |